banner-ar

حقوق الانسان العربى / (Record no. 4883)

MARC details
000 -الفاتح
حقل البيانات ثابتة الطول 00935nam a2200253Ia 4500
008 - عناصر البيانات ثابتة الطول - معلومات عامة
حقل البيانات ثابتة الطول 140319s9999 xx 000 0 ara d
040 ## - مصدر الفهرسة
وكالة الفهرسة الأصلية GCL /
وكالة النسخ GCL
082 04 - رقم تصنيف ديوى العشرى
رقم التصنيف 323.11927
رقم المادة ب ح
100 1# - المدخل الرئيسى - إسم شخصى
الإسم الشخصى ظريف عبدالله (مترجم)
245 10 - بيان العنوان
العنوان حقوق الانسان العربى /
بيان المسئوليه,etc ظريف عبدالله (مترجم)
700 1# - المدخل الاضافى - اسم شخصى
الإسم الشخصى اسامة عبدالرحمن
700 1# - المدخل الاضافى - اسم شخصى
الإسم الشخصى برهان غليون
700 1# - المدخل الاضافى - اسم شخصى
الإسم الشخصى محمد عبدالملك المتوكل
250 ## - بيان الطبعة
بيان الطبعة الاولى
260 ## - PUBLICATION, DISTRIBUTION, ETC. (IMPRINT)
تاريخ النشر أو التوزيع 1999
300 ## - الوصف المادى
التعداد 300 ص ؛
أبعاد الوعاء 24 سم
490 ## - بيان السلسلة
عنوان السلسلة سلسلة كتب المستقبل العربى
رقم المجلد/ التعيين التسلسلي 17
650 04 - المدخل الاضافى بالموضوع-مصطلح موضوعى
مصطلح موضوعي الاسلام
650 04 - المدخل الاضافى بالموضوع-مصطلح موضوعى
مصطلح موضوعي حقوق الانسان
650 04 - المدخل الاضافى بالموضوع-مصطلح موضوعى
مصطلح موضوعي الديمقراطية - العالم العربى
650 04 - المدخل الاضافى بالموضوع-مصطلح موضوعى
مصطلح موضوعي المشاركة السياسية - العالم العربى
942 ## - عناصر المدخل الإضافي( كوها)
مصدر التصنيف او مخطط الترفيف Dewey Decimal Classification
Koha [default] item type كتاب
260 ## - PUBLICATION, DISTRIBUTION, ETC. (IMPRINT)
-- بيروت :
-- مركز دراسات الوحدة العربية ،
Holdings
حالة التراجع حالة الفقد حالة تلف ليس للاعارة المكان المؤقت الموقع الحالى تاريخ الاكتساب اجمالي اﻻعارات رقم الطلب الباركود تاريخ اخر مشاهدة تاريخ تفعيل السعر نوع وعاء كوها
        مكتبة القاهرة الكبرى مكتبة القاهرة الكبرى 03/26/2014   323.11927\ ب ح 10895 03/26/2014 03/26/2014 كتاب

Powered By

EGPV